[Event "Brasilia Regional Centro Oeste"]
[Site "Brasilia"]
[Date "2014.05.11"]
[Round "5"]
[White "Andrade, Adriel Nascimento S"]
[Black "Santos, Saymon Silva"]
[Result "0-1"]
[WhiteElo "1800"]
[BlackElo "1817"]
[PlyCount "42"]
[EventDate "2014.05.09"]
[EventType "swiss"]
[EventRounds "5"]
[EventCountry "BRA"]
[SourceTitle "CBM 160 Extra"]
[Source "ChessBase"]
[SourceDate "2014.07.01"]
[SourceVersion "1"]
[SourceVersionDate "2014.07.01"]
[SourceQuality "1"]

1. e3 e6 2. Qf3 Nf6 3. Bb5 a6 4. Ba4 b5 5. Qxa8 Nc6 6. Nf3 bxa4 7. Ng5 Qe7 8. Nc3 Qd8 9. 0-0 Be7 10. d4 0-0 11. Rd1 d5 12. Nxa4 Qd6 13. Rd3 Ng4 14. f4 Bxg5 15. Rb3 Bh4 16. g3 Be7 17. Bd2 e5 18. Bb4 Nxb4 19. fxe5 Qh6 20. Nc5 Qxh2+ 21. Kf1 Qf2# 0-1

[Event "Brasilia Regional Centro Oeste"]
[Site "Brasilia"]
[Date "2014.05.10"]
[Round "3.20"]
[White "Andrade, Adriel Nascimento S"]
[Black "Rabelo, Jose Carlos Vargas"]
[Result "0-1"]
[WhiteElo "1800"]
[BlackElo "1747"]
[PlyCount "32"]
[EventDate "2014.05.09"]
[EventType "swiss"]
[EventRounds "5"]
[EventCountry "BRA"]
[SourceTitle "EXT 2022"]
[Source "ChessBase"]
[SourceDate "2021.10.06"]
[SourceVersion "1"]
[SourceVersionDate "2021.10.06"]
[SourceQuality "1"]

1. e3 d5 2. Qf3 a6 3. Nh3 h6 4. Nc3 e6 5. Nf4 Nf6 6. Ncxd5 Nxd5 7. Nxd5 Qxd5 8. Qf4 Bd6 9. Qh4 Qg5 10. Qh3 0-0 11. f4 Qf5 12. e4 Qxe4+ 13. Be2 e5 14. fxe5 Bxh3 15. gxh3 Re8 16. exd6 Qxe2# 0-1

[Event "Brasilia Regional Centro Oeste"]
[Site "Brasilia"]
[Date "2014.05.09"]
[Round "1"]
[White "Andrade, Adriel Nascimento S"]
[Black "Cantarino Neto, Mario Ribeiro"]
[Result "0-1"]
[WhiteElo "1800"]
[BlackElo "2128"]
[PlyCount "22"]
[EventDate "2014.05.09"]
[EventType "swiss"]
[EventRounds "5"]
[EventCountry "BRA"]
[SourceTitle "CBM 160 Extra"]
[Source "ChessBase"]
[SourceDate "2014.07.01"]
[SourceVersion "1"]
[SourceVersionDate "2014.07.01"]
[SourceQuality "1"]

1. Nf3 d5 2. Nc3 Nf6 3. e3 Bg4 4. Bd3 e5 5. Bb5+ c6 6. Qe2 cxb5 7. Qxb5+ Qd7 8. Qa5 Nc6 9. Nb5 Nxa5 10. Nxe5 Qxb5 11. b3 Qe2# 0-1